Najlepsi strzelcy La Ligi 2! - Statystyki

Ogólne statystyki
  • Ten quiz został rozwiązany 39 razy
  • Średni wynik to 14 z 50
Statystyki odpowiedzi
Ilość bramek Narodowość Zawodnik % Poprawnych
467 Argentyna Messi
100%
311 Portugalia Ronaldo
100%
83 Brazylia Ronaldo
100%
163 Urugwaj Suarez
100%
187 Francja Benzema
92%
80 Walia Bale
78%
156 Kamerun Etoo
76%
68 Brazylia Neymar
73%
185 Hiszpania Villa
73%
128 Hiszpania Raul
70%
103 Hiszpania Torres
70%
151 Francja Griezmann
65%
128 Urugwaj Forlan
59%
70 Brazylia Ronaldinho
46%
74 Hiszpania Ramos
43%
107 Argentyna Higuain
38%
73 Hiszpania Costa
27%
88 Hiszpania Moreno
27%
158 Hiszpania Aduriz
24%
74 Argentyna Aguero
22%
113 Hiszpania Aspas
22%
78 Hiszpania Joaquin
11%
89 Mali Kanoute
11%
61 Holandia Kluivert
11%
123 Hiszpania Soldado
11%
82 Urugwaj Stuani
11%
59 Kolumbia Bacca
8%
73 Francja Gameiro
8%
70 Argentyna Saviola
8%
101 Hiszpania Garcia
5%
75 Hiszpania Garcia
5%
73 Hiszpania Garcia
5%
61 Brazylia Jose
5%
88 Hiszpania Llorente
5%
118 Hiszpania Negredo
5%
83 Urugwaj Pandiani
5%
65 Hiszpania Parejo
5%
126 Hiszpania Tamudo
5%
69 Meksyk Vela
5%
72 Brazylia Fabiano
3%
75 Turcja Kahveci
3%
64 Włochy Rossi
3%
78 Hiszpania Tristan
3%
63 Brazylia Baptista
0%
93 Hiszpania Castro
0%
58 Brazylia Charles
0%
59 Hiszpania Luque
0%
59 Hiszpania Molina
0%
58 Brazylia Oliveira
0%
71 Hiszpania Urzaiz
0%
Nie znaleziono quizów pasujących do podanych kryteriów
Rozkład punktacji
Procent ludzi z każdym wynikiem
Percentyl według liczby udzielonych odpowiedzi
Twoja historia wyników
Nie rozwiązałeś tego quizu